LIBRARY & INFORMATION CENTRE, KCAET, TAVANUR

ONLINE PUBLIC ACCESS CATALOGUE (OPAC)

Courseware on Quantitative Aptitude for CAT: | Common Admission Test& Other Management Examination (Record no. 19519)

MARC details
000 -LEADER
fixed length control field 00492nam a22001697a 4500
003 - CONTROL NUMBER IDENTIFIER
control field OSt
008 - FIXED-LENGTH DATA ELEMENTS--GENERAL INFORMATION
fixed length control field 250916b |||||||| |||| 00| 0 eng d
020 ## - INTERNATIONAL STANDARD BOOK NUMBER
ISBN 9 789364 447768
041 ## - LANGUAGE CODE
Language code of text/sound track or separate title eng
082 ## - DEWEY DECIMAL CLASSIFICATION NUMBER
Classification number 371.264
Item number SHA/CO
100 ## - MAIN ENTRY--AUTHOR NAME
Personal name Sharma, Arun
245 ## - TITLE STATEMENT
Title Courseware on Quantitative Aptitude for CAT:
Remainder of title Common Admission Test& Other Management Examination
250 ## - EDITION STATEMENT
Edition statement 1st Reprint.
260 ## - PUBLICATION, DISTRIBUTION, ETC. (IMPRINT)
Place of publication Chennai:
Name of publisher McGraw Hill Education Pvt Ltd,
Year of publication 2025.
300 ## - PHYSICAL DESCRIPTION
Number of Pages 858p.
942 ## - ADDED ENTRY ELEMENTS (KOHA)
Koha item type Books
Holdings
Withdrawn status Lost status Damaged status Home library Current library Shelving location Date acquired Full call number Accession Number Koha item type
      KAUAET KAUAET General Stacks 16/09/2025 371.264 SHA/CO 26338 Books
free website counter